<?xml version="1.0" encoding="UTF-8"?>
<record
    xmlns:xsi="http://www.w3.org/2001/XMLSchema-instance"
    xsi:schemaLocation="http://www.loc.gov/MARC21/slim http://www.loc.gov/standards/marcxml/schema/MARC21slim.xsd"
    xmlns="http://www.loc.gov/MARC21/slim">

  <leader>00415nam a2200133Ia 4500</leader>
  <controlfield tag="008">230907s9999||||xx |||||||||||||| ||und||</controlfield>
  <datafield tag="082" ind1=" " ind2=" ">
    <subfield code="a">823.912</subfield>
    <subfield code="b">CHR</subfield>
  </datafield>
  <datafield tag="100" ind1=" " ind2=" ">
    <subfield code="a">Westmacott, Mary,</subfield>
    <subfield code="9">115818</subfield>
  </datafield>
  <datafield tag="245" ind1=" " ind2="2">
    <subfield code="a">A daughter's a daughter and other novels :</subfield>
  </datafield>
  <datafield tag="260" ind1=" " ind2=" ">
    <subfield code="a">St. Martin's Minotaur,</subfield>
    <subfield code="b">New York :</subfield>
    <subfield code="c">2017</subfield>
  </datafield>
  <datafield tag="300" ind1=" " ind2=" ">
    <subfield code="a">vi, 617 p. ;</subfield>
  </datafield>
  <datafield tag="650" ind1=" " ind2=" ">
    <subfield code="a">English Literature Fiction. Fiction. Fiction.</subfield>
    <subfield code="9">115819</subfield>
  </datafield>
  <datafield tag="942" ind1=" " ind2=" ">
    <subfield code="c">BK</subfield>
  </datafield>
  <datafield tag="999" ind1=" " ind2=" ">
    <subfield code="c">599782</subfield>
    <subfield code="d">599782</subfield>
  </datafield>
  <datafield tag="952" ind1=" " ind2=" ">
    <subfield code="0">0</subfield>
    <subfield code="1">0</subfield>
    <subfield code="4">0</subfield>
    <subfield code="7">0</subfield>
    <subfield code="a">CAS-E</subfield>
    <subfield code="b">CAS-E</subfield>
    <subfield code="d">2019-09-02</subfield>
    <subfield code="l">0</subfield>
    <subfield code="m">1</subfield>
    <subfield code="o">823.912 CHR</subfield>
    <subfield code="p">CAS-E0003881</subfield>
    <subfield code="r">2025-11-28</subfield>
    <subfield code="w">2023-09-12</subfield>
    <subfield code="y">BK</subfield>
  </datafield>
</record>
